Agyptische Kunst /

محفوظ في:

مؤلف مشترك: Badisches Landesmuseum Karlsruhe.

مؤلفون آخرون: Gamer-Wallert, Ingrid., Grieshammer, Reinard., Siebenmorgen, Harald, 1949-

التنسيق: كتاب

اللغة: German

منشور في: Karlsruhe : Badisches Landesmuseum, c1992.

سلاسل: Bildhefte des Badischen Landesmuseums Karlsruhe ; n.F., Heft 1.

الموضوعات:

الوسوم: إضافة وسم

لا توجد وسوم, كن أول من يضع وسما على هذه التسجيلة!

رقم الطلب: DT59 .K37 A21 1992

LEADER 01238cam a2200337 a 4500
001 ocm29184843
003 OSt
005 20250617123658.0
008 930903s1992 gw ab bc s000 0 ger
020 |a 3923132204 
020 |a 9783923132201 
040 |c ARCE Library 
043 |a f-ua---  |a e-gx--- 
050 4 |a DT59 .K37 A21 1992 
110 2 |a Badisches Landesmuseum Karlsruhe. 
245 1 0 |a Agyptische Kunst /   |c Ingrid Gamer-Wallert, Reinhard Grieshammer ; herausgegeben von Harald Siebenmorgen. 
264 1 |a Karlsruhe :   |b Badisches Landesmuseum,   |c c1992. 
300 |a 132 pages :  |b illustrations (some color), map ;  |c 24 cm. 
490 1 |a Bildhefte des Badischen Landesmuseums Karlsruhe ;  |v n.F., Heft 1. 
504 |a Includes bibliographical references (pages 114-118). 
610 2 0 |a Badisches Landesmuseum Karlsruhe  |v Catalogs. 
650 0 |a Art, Egyptian  |v Catalogs. 
650 0 |a Art, Ancient  |z Egypt  |v Catalogs. 
650 0 |a Art  |z Germany  |z Karlsruhe  |v Catalogs. 
700 1 |a Gamer-Wallert, Ingrid. 
700 1 |a Grieshammer, Reinard. 
700 1 |a Siebenmorgen, Harald,  |d 1949- 
830 0 |a Bildhefte des Badischen Landesmuseums Karlsruhe ;  |v n.F., Heft 1. 
901 |a reviewed 
942 |2 lcc  |c BK 
999 |c 55312  |d 55312